000 003030000a22001330004500
041 0 _aSPA
082 0 4 _aG 863 G724i
100 1 _aGoytisolo, Juan (1931-)
245 1 0 _aLa isla / Juan Goytisolo
260 _aMéxico : Joaquín Mortiz (ver J. Mortiz)
300 _a169 Pag
001 11105
942 _cBK
999 _c40475
_d40475